Southville International School and Colleges
Your cart is empty.
  • Cart
  • Lists
    Public lists Eva Luna New books Lux_list list_1
    Your lists Log in to create your own lists
  • Log in to your account
  • Your cookies
  • Search history
Southville International School and Colleges
  • Advanced search
  • Recent comments
  • Most popular
  • Libraries

Log in to your account

Log in with GOOGLE


If you do not have an external account, but do have a local account, you can still log in:

  1. Home
  2. MARC view: Healing our autistic children:
Normal view MARC view ISBD view

Healing our autistic children: (Record no. 24187)

[ view plain ]
MARC details
000 -LEADER
fixed length control field 00691nam a2200217 a 4500
005 - DATE AND TIME OF LATEST TRANSACTION
control field 20140310183511.0
008 - FIXED-LENGTH DATA ELEMENTS--GENERAL INFORMATION
fixed length control field 101012s19uu xx 00 eng d
020 ## - INTERNATIONAL STANDARD BOOK NUMBER
International Standard Book Number 9780230616394
050 ## - LIBRARY OF CONGRESS CALL NUMBER
Classification number RJ 506.A9
Item number .B835 2010
100 ## - MAIN ENTRY--PERSONAL NAME
Personal name Buckley, Julie A.
245 ## - TITLE STATEMENT
Title Healing our autistic children:
Remainder of title a medical plan for restoring your child's health. /
260 ## - PUBLICATION, DISTRIBUTION, ETC. (IMPRINT)
Place of publication, distribution, etc New York :
Name of publisher, distributor, etc PalgraveMacmillan,
Date of publication, distribution, etc 2010.
300 ## - PHYSICAL DESCRIPTION
Extent 238 p. :
Other physical details ill. ;
Dimensions 22 cm.
521 ## - TARGET AUDIENCE NOTE
Target audience note
650 ## - SUBJECT ADDED ENTRY--TOPICAL TERM
Topical term or geographic name as entry element Autism in children-diet therapy.
650 ## - SUBJECT ADDED ENTRY--TOPICAL TERM
Topical term or geographic name as entry element Autism in children-Alternative treatment.
700 ## - ADDED ENTRY--PERSONAL NAME
Personal name with Lynn vannucci
700 ## - ADDED ENTRY--PERSONAL NAME
Personal name forword by Jenny McCarthy
942 ## - ADDED ENTRY ELEMENTS (KOHA)
Koha item type Books
Source of classification or shelving scheme Library of Congress Classification
Call number prefix Foreign
Holdings
Withdrawn status Lost status Source of classification or shelving scheme Damaged status Home library Current library Shelving location Date acquired Source of acquisition Total Checkouts Full call number Barcode Date last seen Copy number Price effective from Koha item type
    Library of Congress Classification   College Library College Library General Circulation Section 01/15/2014 Donation   RJ 506.A9 .B835 2010 C11577 05/15/2018 1 01/15/2014 Books

Healing our autistic children:

APA

Buckley J. A., with Lynn vannucci & forword by Jenny McCarthy. (2010). Healing our autistic children. New York: PalgraveMacmillan.

Chicago

Buckley Julie A, with Lynn vannucci and forword by Jenny McCarthy. 2010. Healing our autistic children. New York: PalgraveMacmillan.

Harvard

Buckley J. A., with Lynn vannucci and forword by Jenny McCarthy. (2010). Healing our autistic children. New York: PalgraveMacmillan.

MLA

Buckley Julie A, with Lynn vannucci and forword by Jenny McCarthy. Healing our autistic children. New York: PalgraveMacmillan. 2010.

  • Place hold
  • Print
  • Cite
  • Add to your cart (remove)
  • Save record
    BIBTEX Dublin Core MARCXML MARC (non-Unicode/MARC-8) MARC (Unicode/UTF-8) MARC (Unicode/UTF-8, Standard) MODS (XML) RIS
  • More searches
    Search for this title in:
    Other Libraries (WorldCat) Other Databases (Google Scholar) Online Stores (Bookfinder.com) Open Library (openlibrary.org)

Exporting to Dublin Core...

SOUTHVILLE LIBRARY

Southville International School and Colleges Library

1281 Tropical Ave. Cor. Luxembourg St., BF Homes International, Las Pinas City

Tel. No. 8256374 / 252358 Loc. 117/146

Powered by Koha